A kávéházak piaci helyzete, ezen belül az Ahoy kávéház működtetésének és gazdálkodásának bemutatása

Bibliographic Details
Main Author: Rimay Petra
Other Authors: Verebes Dr. Pál
Format: Thesis
Kulcsszavak:Budapesti kávéházak
Ahoy kávéház
gazdasági bemutatás
kávé történet
Online Access:http://dolgozattar.uni-bge.hu/10064

MARC

LEADER 00000nta a2200000 i 4500
001 dolg10064
005 20170830103600.0
008 170428suuuu hu om 000 hun d
040 |a BGE Dolgozattár Repozitórium  |b hun 
041 |a hu 
100 1 |a Rimay Petra 
245 1 2 |a A kávéházak piaci helyzete, ezen belül az Ahoy kávéház működtetésének és gazdálkodásának bemutatása  |c Rimay Petra  |h [elektronikus dokumentum] 
695 |a Budapesti kávéházak 
695 |a Ahoy kávéház 
695 |a gazdasági bemutatás 
695 |a kávé történet 
700 1 |a Verebes Dr. Pál  |e ths 
856 4 0 |u http://dolgozattar.uni-bge.hu/10064/1/Rimay_Petra_BGE_Szakdolgozat.pdf  |z Dokumentum-elérés